pokemon that start with d - Statistics

General Stats
  • This quiz has been taken 5 times
  • The average score is 20 of 60
Answer Stats
Hint Answer % Correct
Gen I Diglett
100%
Gen I Dugtrio
100%
Gen VI Dedenne
75%
Gen I Dewgong
75%
Gen I Dodrio
75%
Gen I Doduo
75%
Gen I Dragonite
75%
Gen I Dratini
75%
Gen V Darmanitan
50%
Gen VII Dartrix
50%
Gen V Darumaka
50%
Gen V Deino
50%
Gen IV Dialga
50%
Gen I Ditto
50%
Gen VIII Dracovish
50%
Gen VIII Dracozolt
50%
Gen I Dragonair
50%
Gen VII Drampa
50%
Gen I Drowzee
50%
Gen II Dunsparce
50%
Gen VIII Duraludon
50%
Gen III Dusclops
50%
Gen IV Dusknoir
50%
Gen III Duskull
50%
Gen III Dustox
50%
Gen VII Decidueye
25%
Gen V Deerling
25%
Gen III Delcatty
25%
Gen II Delibird
25%
Gen V Dewott
25%
Gen VII Dewpider
25%
Gen VII Dhelmise
25%
Gen VI Diancie
25%
Gen VI Diggersby
25%
Gen IX Dondozo
25%
Gen II Donphan
25%
Gen VI Doublade
25%
Gen VIII Drednaw
25%
Gen IV Drifblim
25%
Gen IV Drifloon
25%
Gen VIII Drizzile
25%
Gen VIII Dubwool
25%
Gen IX Dudunsparce
25%
Gen V Durant
25%
Gen V Dwebble
25%
Gen IX Dachsbun
0%
Gen IV Darkrai
0%
Gen VI Delphox
0%
Gen III Deoxys
0%
Gen IX Dolliv
0%
Gen VIII Dottler
0%
Gen VI Dragalge
0%
Gen VIII Dragapult
0%
Gen VIII Drakloak
0%
Gen Iv Drapion
0%
Gen VIII Dreepy
0%
Gen V Drilbur
0%
Gen V Druddigon
0%
Gen V Ducklett
0%
Gen V Duosion
0%
No matching quizzes found
Score Distribution
Percent of People with Each Score
Percentile by Number Answered
Your Score History
You have not taken this quiz